| 000 | 01178nac a22002891i 4500 | ||
|---|---|---|---|
| 003 | EG-ScBUE | ||
| 005 | 20240117135814.0 | ||
| 008 | 121017s1990 ua f b 001 0 ara d | ||
| 017 | _a1990 / 7467 | ||
| 020 | _a977012544X | ||
| 040 |
_aEG-ScBUE _bara _erda _cEG-ScBUE _dEG-ScBUE |
||
| 043 | _af-ua--- | ||
| 082 | 0 | 4 |
_a962.04 _bع ب د _222 |
| 100 | 1 |
_aعبد المطلب، عاصم محروس، _eمؤلف. _921198 |
|
| 245 | 1 | 0 |
_aدور الطلبة في ثورة 1919 : _b1919-1922 / _cتأليف د. عاصم محروس عبد المطلب ؛ إشراف أ. د. يونان لبيب رزق. |
| 264 | 1 |
_aالقاهرة : _bالهيئة المصرية العامة للكتاب، _c1990. |
|
| 300 |
_a318 صفحة ؛ _c18 سم. |
||
| 336 |
_2rdacontent _aنص _btxt |
||
| 337 |
_aبدون وسيط _2rdamedia _bn |
||
| 338 |
_aمجلد _bnc _2rdacarrier |
||
| 490 | 0 | _aمصر النهضة | |
| 504 | _aيشتمل على إرجاعات ببليوجرافية وكشافات. | ||
| 651 | 7 |
_aمصر _xتاريخ _yالعصر الحديث _yثورة 1919 م. _2BUEsh _931177 |
|
| 655 | _vReading book | ||
| 700 | 1 |
_aرزق، يونان لبيب، _eمشرف. |
|
| 942 |
_cBB _2ddc |
||
| 999 |
_c6346 _d6346 |
||